Mines views.

Bibliographic Details
Corporate Author: Colorado School of Mines
Format: Serial
Language:English
Published: Golden, Colorado. [publisher not identified] ;
Series:Colorado School of Mines quarterly ; v. 10, no. 1.
Colorado School of Mines quarterly ; v. 12, no. 4.
Colorado School of Mines quarterly ; v. 22, no. 1, suppl. A.
Colorado School of Mines quarterly ; v. 29, no. 3.
Colorado School of Mines quarterly ; v. 31, no. 1-3.
Colorado. School of Mines, Golden. Quarterly ; v.31 no.1-3.
Subjects:

MARC

Tag First Indicator Second Indicator Subfields
LEADER 00000cas a2200000 4500
001 in00000052279
005 20151007070047.0
008 800529c19109999couuu s0uuua1eng d
035 |a (OCoLC)06368932 
035 |9 AAE3261AM 
040 |a TXA  |c TXA  |d UtOrBLW 
049 |a TXAE 
090 |a TN210  |b .C68 v.10 no.1, etc. 
245 0 0 |a Mines views. 
247 1 0 |a Book of views  |f 1910-27 
264 1 |a Golden, Colorado.  |b [publisher not identified] ; 
300 |a volumes :  |b (chiefly illustrations) 
336 |a text  |b txt  |2 rdacontent 
337 |a unmediated  |b n  |2 rdamedia 
338 |a volume  |b nc  |2 rdacarrier 
362 0 |a 1910- 
490 1 |a Colorado. School of Mines, Golden. Quarterly ;  |v v.10 no.1 
490 1 |a Colorado. School of Mines, Golden. Quarterly ;  |v v.12 no.4 
490 1 |a Colorado. School of Mines, Golden. Quarterly ;  |v v.20 no.1 Suppl.C 
490 1 |a Colorado. School of Mines, Golden. Quarterly ;  |v v.22 no.1 Suppl.A 
490 1 |a Colorado. School of Mines, Golden. Quarterly ;  |v v.29 no.3 
490 1 |a Colorado. School of Mines, Golden. Quarterly ;  |v v.31 no.1-3 
610 1 0 |a Colorado School of Mines. 
710 2 |a Colorado School of Mines. 
730 0 |a Book of views. 
760 0 |a Colorado. School of Mines, Golden.  |t Quarterly 
830 0 |a Colorado School of Mines quarterly ;  |v v. 10, no. 1. 
830 0 |a Colorado School of Mines quarterly ;  |v v. 12, no. 4. 
830 0 |a Colorado School of Mines quarterly ;  |v v. 22, no. 1, suppl. A. 
830 0 |a Colorado School of Mines quarterly ;  |v v. 29, no. 3. 
830 0 |a Colorado School of Mines quarterly ;  |v v. 31, no. 1-3. 
830 0 |a Colorado. School of Mines, Golden. Quarterly ;  |v v.31 no.1-3. 
999 |a MARS 
999 f f |s 9c2ace5d-76d6-3af5-a2e8-12e9fcfcaf05  |i 719df739-0caf-3712-acad-d2a81a7b361e  |t 0 
952 f f |p serial  |a Texas A&M University  |b College Station  |c Sterling C. Evans Library  |d Evans: Library Stacks  |t 0  |e TN210 .C68 v.10 no.1, etc.  |h Library of Congress classification  |i unmediated -- volume  |m A14809790154 
952 f f |p serial  |a Texas A&M University  |b College Station  |c Sterling C. Evans Library  |d Evans: Library Stacks  |t 0  |e TN210 .C68 v.10 no.1, etc.  |h Library of Congress classification  |i unmediated -- volume  |m A14809790748 
998 f f |a TN210 .C68 v.10 no.1, etc.  |s 1936  |t 0  |l Evans: Library Stacks